[Event "51st Canadian Open 2014"]
[Site "Montreal CAN"]
[Date "2014.07.23"]
[Round "6.19"]
[White "Poulin, Maurice"]
[Black "Rey, Fabrice"]
[Result "0-1"]
[WhiteElo "1989"]
[BlackElo "2152"]
[WhiteFideId "2603225"]
[BlackFideId "606820"]
[EventDate "2014.07.19"]

1. e4 c6 2. Nc3 d5 3. Nf3 Nf6 4. e5 Ne4 5. Ne2 Qb6 6. d4 e6 7. Nfg1 f6 8. f3 Ng5
9. exf6 gxf6 10. Ng3 c5 11. f4 Nf7 12. Nh5 Be7 13. c3 Nc6 14. Nf3 cxd4 15. cxd4
Qb4+ 16. Kf2 Nd6 17. a3 Qb6 18. b4 Bd7 19. Be3 O-O-O 20. Bd3 Kb8 21. Ng3 Rc8 22.
Ne2 Qd8 23. Qb1 Qf8 24. Ke1 Qg7 25. Rg1 Nd8 26. a4 Nc4 27. Bd2 Nf7 28. b5 Qf8
29. a5 Nfd6 30. b6 a6 31. Bb4 Bb5 32. Nc3 Bd7 33. Bc5 Qf7 34. Qb4 Rhe8 35. Rc1
Bf8 36. Bxc4 Nxc4 37. Bxf8 Qxf8 38. Qxf8 Rxf8 39. f5 Nxa5 40. fxe6 Bxe6 41. Kf2
Nc4 42. Na4 Bd7 43. Nc5 Bc6 44. Rb1 Rfe8 45. Rb3 Re7 46. Nh4 Nd6 47. Rf3 Rf7 48.
Nf5 Nc4 49. Re1 Rh8 50. Rd3 h5 51. Re6 Rd8 52. Nxa6+ bxa6 53. Rxc6 Na5 54. Rc7
Rxc7 55. bxc7+ Kxc7 56. Ra3 Kb6 57. Re3 Kb5 58. Re6 Nc4 59. Rxf6 a5 60. Ke2 a4
61. Rf7 a3 62. Ra7 Na5 63. Ne3 Re8 0-1

[Event "51st Canadian Open 2014"]
[Site "Montreal CAN"]
[Date "2014.07.23"]
[Round "6.20"]
[White "Tang, Edward"]
[Black "Zhou, Qiyu"]
[Result "1-0"]
[BlackTitle "WCM"]
[WhiteElo "2161"]
[BlackElo "2029"]
[WhiteFideId "2610892"]
[BlackFideId "505161"]
[EventDate "2014.07.19"]

1. d4 Nf6 2. c4 g6 3. Nc3 Bg7 4. e4 d6 5. Be2 O-O 6. Nf3 e5 7. d5 a5 8. Bg5 Na6
9. Nd2 Qe8 10. O-O h6 11. Be3 Nh7 12. a3 Bd7 13. b3 f5 14. f3 f4 15. Bf2 g5 16.
b4 axb4 17. axb4 Qg6 18. c5 Nxb4 19. Qb3 Rxa1 20. Rxa1 g4 21. Qxb4 g3 22. Be1
Ng5 23. Bf1 gxh2+ 24. Kh1 Rf6 25. c6 bxc6 26. dxc6 Bxc6 27. Qc4+ d5 28. Nxd5
Bxd5 29. Qxd5+ Kh7 30. Bc4 Nf7 31. Bh4 Rd6 32. Qxf7 Qxf7 33. Bxf7 Rxd2 34. Rc1
Rd7 35. Be6 Rd6 36. Bf5+ 1-0

[Event "51st Canadian Open 2014"]
[Site "Montreal CAN"]
[Date "2014.07.23"]
[Round "6.21"]
[White "Tomb, Maroun"]
[Black "Fleites Marti, Yuleikys"]
[Result "1-0"]
[BlackTitle "WIM"]
[WhiteElo "2147"]
[BlackElo "2163"]
[WhiteFideId "5300398"]
[BlackFideId "3502759"]
[EventDate "2014.07.19"]

1. c4 c5 2. Nc3 Nc6 3. Nf3 d6 4. e3 Bg4 5. Be2 Nf6 6. O-O e6 7. h3 Bh5 8. d4
cxd4 9. exd4 d5 10. Ne5 Bxe2 11. Nxe2 Bd6 12. Qa4 Qa5 13. Qxa5 Nxa5 14. c5 Bxe5
15. dxe5 Nd7 16. f4 Nc6 17. Be3 O-O 18. Rab1 a5 19. Rfd1 Rfc8 20. Nc3 d4 21.
Bxd4 Nxd4 22. Rxd4 Nxc5 23. Kf2 Kf8 24. Rbd1 Ke7 25. f5 Rd8 26. f6+ gxf6 27.
exf6+ Ke8 28. Nb5 Rxd4 29. Rxd4 Rb8 30. Ke3 Nd7 31. Nd6+ Kf8 32. Ne4 Nb6 33. Kf4
Nd5+ 34. Ke5 Rc8 35. b3 b5 36. a4 bxa4 37. Rxa4 Nb4 38. Kd6 Rd8+ 39. Kc7 Rd5 40.
Kb6 Ke8 41. Rxa5 Rxa5 42. Kxa5 Nd5 43. b4 Kd7 44. b5 Kc7 45. g4 e5 46. g5 Nf4
47. h4 Kb7 48. Nd6+ Kc7 49. Ne4 Kb7 50. Kb4 Kb6 51. Nd6 Ng6 52. h5 Nf4 53. Nc4+
Kc7 54. Nxe5 Nxh5 55. Nxf7 Nf4 56. Kc5 Ne6+ 57. Kd5 Nf8 58. Ne5 1-0

[Event "51st Canadian Open 2014"]
[Site "Montreal CAN"]
[Date "2014.07.24"]
[Round "7.3"]
[White "Van Kampen, Robin"]
[Black "Fedorowicz, John P"]
[Result "1-0"]
[WhiteTitle "GM"]
[BlackTitle "GM"]
[WhiteElo "2636"]
[BlackElo "2422"]
[WhiteFideId "1020854"]
[BlackFideId "2000083"]
[EventDate "2014.07.19"]

1. e4 c5 2. Nf3 d6 3. d4 cxd4 4. Nxd4 Nf6 5. Nc3 a6 6. Bg5 e6 7. f4 Be7 8. Qf3
Qc7 9. O-O-O Nbd7 10. g4 b5 11. Bxf6 Nxf6 12. g5 Nd7 13. f5 Bxg5+ 14. Kb1 Ne5
15. Qh5 Qd8 16. Nxe6 Bxe6 17. fxe6 g6 18. exf7+ Kxf7 19. Qh3 Kg7 20. Nd5 Ra7 21.
Qg3 h5 22. Rg1 Bh6 23. Be2 Kh7 24. Rdf1 h4 25. Qf2 Rf7 26. Qxf7+ Nxf7 27. Rxf7+
Bg7 28. Bh5 Rf8 29. Bxg6+ Kh8 30. Re7 Bd4 31. Rd1 Bg7 32. a3 Qc8 33. Bf5 Rxf5
34. exf5 Qxf5 35. Rg1 Bd4 36. Ne3 Qf6 37. Re4 Bxe3 38. Rxe3 Qf2 39. Ree1 Qxh2
40. Rh1 Qg3 41. Reg1 1-0

[Event "51st Canadian Open 2014"]
[Site "Montreal CAN"]
[Date "2014.07.24"]
[Round "7.4"]
[White "De Firmian, Nick E"]
[Black "Moradiabadi, Elshan"]
[Result "1/2-1/2"]
[WhiteTitle "GM"]
[BlackTitle "GM"]
[WhiteElo "2509"]
[BlackElo "2593"]
[WhiteFideId "2000105"]
[BlackFideId "12501255"]
[EventDate "2014.07.19"]

1. e4 e5 2. Nf3 Nc6 3. Bb5 Nf6 4. O-O Nxe4 5. d4 Nd6 6. Bxc6 dxc6 7. dxe5 Nf5 8.
Qxd8+ Kxd8 9. Nc3 Bd7 10. h3 Kc8 11. b3 h6 12. Bb2 b6 13. Rad1 c5 14. Nd5 Ne7
15. Nf4 Bf5 16. e6 fxe6 17. Rfe1 Nc6 18. Nxe6 Bxc2 19. Rd2 Bf5 20. Bxg7 Bxg7 21.
Nxg7 Bd7 22. Ne5 Nxe5 23. Rxe5 a5 24. Re7 Rd8 25. f4 a4 26. f5 axb3 27. axb3
Ra1+ 28. Kh2 Rf1 29. Rf7 b5 30. Rc2 c4 31. bxc4 b4 32. c5 Ba4 33. Rb2 b3 34. Ne6
Rd7 35. Rf6 c6 36. Rxh6 Rxf5 37. Rh8+ Kb7 38. Rh4 Bb5 39. Rxb3 Re5 40. Nd4 Rxc5
41. Rg4 Ka6 42. Nxb5 cxb5 43. h4 Ka5 44. Ra3+ Kb6 45. Kh3 Rd1 46. Rg6+ Kb7 47.
Rg5 Rh1+ 48. Kg3 Kb6 49. Ra6+ Kxa6 50. Rxc5 b4 51. Rc8 Kb5 52. Kg4 b3 53. h5 Kb4
54. Rb8+ Kc3 55. Rc8+ Kd3 56. Rd8+ Kc3 57. Rc8+ Kd3 58. Rb8 Kc3 59. Kg5 b2 60.
h6 b1=Q 61. Rxb1 Rxb1 62. h7 Rh1 1/2-1/2

[Event "51st Canadian Open 2014"]
[Site "Montreal CAN"]
[Date "2014.07.24"]
[Round "7.5"]
[White "Xiong, Jeffery"]
[Black "Sambuev, Bator"]
[Result "1/2-1/2"]
[WhiteTitle "IM"]
[BlackTitle "GM"]
[WhiteElo "2441"]
[BlackElo "2526"]
[WhiteFideId "2047640"]
[BlackFideId "4128290"]
[EventDate "2014.07.19"]

1. e4 e6 2. d4 d5 3. Nd2 Be7 4. e5 c5 5. c3 cxd4 6. cxd4 Nc6 7. Bd3 Nh6 8. Ndf3
Nf5 9. Ne2 Nh4 10. Nxh4 Bb4+ 11. Bd2 Bxd2+ 12. Qxd2 Qxh4 13. O-O Bd7 14. f4 Qd8
15. Rac1 Qb6 16. Bb1 Ne7 17. Rf3 a5 18. Rb3 Qa7 19. Rc7 Rb8 20. f5 exf5 21. Qg5
a4 22. Rbc3 Qb6 23. Qxg7 Rg8 24. Qxh7 Qxb2 25. Bc2 Qb6 26. Rxd7 Kxd7 27. Qxf7
Qg6 28. Bxa4+ b5 29. Qxg6 Rxg6 30. Bb3 Rg4 31. Kf2 Rbg8 32. g3 Rh8 33. h4 f4 34.
Nxf4 Rhxh4 35. gxh4 Rxf4+ 36. Kg3 Rxd4 37. Bc2 Rd2 38. h5 d4 39. h6 dxc3 40. h7
Rxc2 41. h8=Q Rd2 42. Qh3+ Kd8 43. Qh8+ Kd7 44. e6+ Kxe6 45. Qxc3 Rd5 46. Qe3+
Kd6 47. Qa3+ Kd7 48. Kf4 Nc6 1/2-1/2

[Event "51st Canadian Open 2014"]
[Site "Montreal CAN"]
[Date "2014.07.24"]
[Round "7.8"]
[White "Foisor, Sabina-Francesca"]
[Black "Cao, Jason"]
[Result "0-1"]
[WhiteTitle "WGM"]
[BlackTitle "FM"]
[WhiteElo "2234"]
[BlackElo "2177"]
[WhiteFideId "1212915"]
[BlackFideId "2611112"]
[EventDate "2014.07.19"]

1. d4 Nf6 2. c4 e6 3. Nc3 Bb4 4. Qc2 O-O 5. Nf3 c5 6. dxc5 Na6 7. g3 Nxc5 8. Bg2
Nce4 9. O-O Nxc3 10. bxc3 Be7 11. Bf4 d6 12. c5 dxc5 13. Rfd1 Qe8 14. Ne5 Nd5
15. Rab1 Nxf4 16. gxf4 f6 17. Nc4 Rb8 18. Qe4 Qa4 19. Bh3 f5 20. Qe5 Bd7 21. Ne3
Bf6 22. Qd6 Rbd8 23. Bg2 b6 24. Qc7 Bc8 25. Bc6 Qxa2 26. Bb5 h6 27. Bc4 Qa4 28.
Bb5 Rxd1+ 29. Nxd1 Qe4 30. Ra1 a6 31. Bc6 Qxe2 32. Qxb6 Qe1+ 33. Kg2 Bxc3 34.
Rb1 Bd4 35. Bf3 Rf6 36. Bh5 Qe4+ 37. Kf1 Qxf4 38. Qc6 Rf8 39. Be8 Qe4 40. Qxe4
fxe4 41. Bc6 Bxf2 42. Bxe4 Bd4+ 43. Ke1 e5 44. Bd5+ Kh7 45. Rb8 Rh8 46. Be4+ g6
47. Bd3 Kg7 48. h4 Rf8 49. Bc4 e4 50. Ra8 e3 51. Be2 g5 52. h5 g4 53. Bf1 Bb7
54. Ra7 Rf7 55. Bc4 g3 56. Bxf7 g2 57. Bd5 g1=Q+ 58. Ke2 Qh2+ 59. Kd3 Qd2+ 60.
Ke4 Qg2+ 0-1

[Event "51st Canadian Open 2014"]
[Site "Montreal CAN"]
[Date "2014.07.24"]
[Round "7.9"]
[White "Sapozhnikov, Roman"]
[Black "Gerzhoy, Leonid"]
[Result "1/2-1/2"]
[WhiteTitle "FM"]
[BlackTitle "IM"]
[WhiteElo "2299"]
[BlackElo "2481"]
[WhiteFideId "2601842"]
[BlackFideId "2806126"]
[EventDate "2014.07.19"]

1. e4 e6 2. d4 d5 3. Nd2 a6 4. Ngf3 c5 5. exd5 exd5 6. Bd3 c4 7. Be2 Bd6 8. Nf1
Ne7 9. Ne3 Nbc6 10. c3 O-O 11. g3 b5 12. O-O b4 13. Qc2 a5 14. Ng5 g6 15. Bf3
Bc7 16. Bg2 a4 17. a3 bxc3 18. bxc3 f6 19. Nf3 Be6 20. Nh4 Na5 21. Rb1 Nb3 22.
Bb2 Qd7 23. f4 Bf7 24. Bf3 Kg7 25. Bg4 Qc6 26. Rbe1 Rae8 27. Qg2 Nc8 28. Bf3 Nb6
29. Re2 f5 30. Rfe1 Bd8 31. Qh3 Nd7 32. g4 fxg4 33. Nxg4 Nd2 34. Bh1 Rxe2 35.
Rxe2 Ne4 36. Bxe4 dxe4 37. Bc1 h5 38. Ne3 Qf6 39. Rg2 Kh7 40. Rg5 Be6 41. Qg3
Qxf4 42. Rxg6 Qxg3+ 43. hxg3 Nf6 44. Rg5 Bf7 45. Rb5 Bc7 46. Nhf5 Be6 47. Rc5
Rf7 48. Nxc4 Bxc4 49. Rxc4 Nd5 50. Ne3 Nxe3 51. Bxe3 Bxg3 52. d5 h4 53. Kg2 h3+
54. Kxg3 Rf3+ 55. Kh2 Rxe3 56. d6 Rd3 57. Rxa4 e3 58. Re4 Rxc3 59. d7 Rd3 60.
Rxe3 Rxd7 61. Rxh3+ Kg6 62. Re3 Ra7 63. Rd3 Kf6 64. Rf3+ Ke6 65. Rd3 1/2-1/2

[Event "51st Canadian Open 2014"]
[Site "Montreal CAN"]
[Date "2014.07.24"]
[Round "7.10"]
[White "Vera Gonzalez-Quevedo, Reynaldo"]
[Black "Leveille, Francois"]
[Result "1-0"]
[WhiteTitle "GM"]
[BlackTitle "FM"]
[WhiteElo "2468"]
[BlackElo "2281"]
[WhiteFideId "3500055"]
[BlackFideId "2600307"]
[EventDate "2014.07.19"]

1. d4 Nf6 2. c4 g6 3. Nc3 Bg7 4. e4 d6 5. f4 O-O 6. Nf3 c5 7. d5 e6 8. Be2 exd5
9. cxd5 Nbd7 10. O-O Re8 11. Nd2 a6 12. a4 Rb8 13. Kh1 Nb6 14. Bf3 h5 15. a5 Na8
16. Nc4 Ng4 17. g3 Bd4 18. Qc2 Nc7 19. h3 Kg7 20. Kg2 f5 21. hxg4 hxg4 22. Be2
Nb5 23. Bd2 fxe4 24. Ne3 Bf5 25. Nxb5 axb5 26. Bxb5 Rh8 27. Rh1 Rxh1 28. Rxh1
Bxe3 29. Bxe3 Qxa5 30. Bd2 Qxb5 31. Qc3+ 1-0

[Event "51st Canadian Open 2014"]
[Site "Montreal CAN"]
[Date "2014.07.24"]
[Round "7.11"]
[White "Cheng, Bindi"]
[Black "Gentes, Kevin"]
[Result "1/2-1/2"]
[WhiteTitle "IM"]
[BlackTitle "FM"]
[WhiteElo "2410"]
[BlackElo "2261"]
[WhiteFideId "2682249"]
[BlackFideId "2601109"]
[EventDate "2014.07.19"]

1. d4 e6 2. Nf3 Nf6 3. c4 d5 4. g3 Be7 5. Bg2 O-O 6. O-O Nbd7 7. Qc2 c6 8. Rd1
b5 9. c5 a5 10. Nbd2 Bb7 11. b3 Qc7 12. Bb2 a4 13. b4 Rad8 14. Rf1 Rfe8 15. Rad1
Bf8 16. a3 g6 17. Bh3 Bg7 18. Ne5 Nh5 19. Nd3 f5 20. Nf3 Nhf6 21. Bc1 Nh5 22.
Bg5 Ra8 23. Qb1 e5 24. Nfxe5 Nxe5 25. dxe5 Bxe5 26. Nxe5 Rxe5 27. Rfe1 Rae8 28.
Bg2 Qf7 29. Bf3 Nf6 30. Qc2 Ne4 31. Bc1 h5 32. Bb2 R5e6 33. Bg2 Kh7 34. f3 Nf6
35. Qc3 Bc8 36. Qd4 g5 37. Qd2 Qg6 38. Qd4 g4 39. Qf4 R6e7 40. Bd4 Nd7 41. Rd3
Nf8 42. Qd2 Ne6 43. Bb2 Ng5 1/2-1/2

[Event "51st Canadian Open 2014"]
[Site "Montreal CAN"]
[Date "2014.07.24"]
[Round "7.13"]
[White "Perez Garcia, Rodney Oscar"]
[Black "Villavieja, Butch"]
[Result "1-0"]
[WhiteTitle "IM"]
[WhiteElo "2357"]
[BlackElo "2158"]
[WhiteFideId "3500918"]
[BlackFideId "5204461"]
[EventDate "2014.07.19"]

1. e4 c5 2. c3 d5 3. exd5 Qxd5 4. d4 Nf6 5. Nf3 Nc6 6. Be3 cxd4 7. cxd4 e6 8.
Nc3 Qd6 9. Bc4 Be7 10. O-O a6 11. a4 O-O 12. Qe2 b6 13. Rad1 Nb4 14. Ne5 Nbd5
15. Bg5 Bb7 16. Rd3 Nxc3 17. bxc3 b5 18. axb5 axb5 19. Bxb5 Qd5 20. Rg3 Ne4 21.
Bc4 Qd8 22. Nxf7 Rxf7 23. Bxe6 Nxg5 24. Rxg5 Bxg5 25. Qh5 Qf6 26. Bxf7+ Qxf7 27.
Qxg5 Qd5 28. Qxd5+ Bxd5 29. Rc1 Bc4 30. h4 Ra2 31. g4 Kf7 32. Kg2 Bd3 33. Kg3
Rc2 34. Rxc2 Bxc2 35. Kf4 Ke6 36. Kg5 Bd3 37. h5 Bc4 38. f4 h6+ 39. Kg6 Be2 40.
g5 hxg5 41. fxg5 Ke7 42. h6 gxh6 43. gxh6 Kf8 1-0

[Event "51st Canadian Open 2014"]
[Site "Montreal CAN"]
[Date "2014.07.24"]
[Round "7.14"]
[White "Plotkin, Victor"]
[Black "Taborsky, Rostislav"]
[Result "1/2-1/2"]
[WhiteTitle "FM"]
[BlackTitle "FM"]
[WhiteElo "2275"]
[BlackElo "2193"]
[WhiteFideId "2606674"]
[BlackFideId "307491"]
[EventDate "2014.07.19"]

1. e4 c5 2. c3 d6 3. d4 Nf6 4. Bd3 g6 5. Nf3 Bg7 6. O-O O-O 7. h3 Qc7 8. Be3 b6
9. Nbd2 Nbd7 10. Qe2 Bb7 11. Nh2 Rac8 12. f4 d5 13. e5 Ne4 14. Qe1 f5 15. Nhf3
e6 16. g4 Qd8 17. gxf5 gxf5 18. Kh2 Bh6 19. Ng5 Bxg5 20. fxg5 Rf7 21. Qe2 Nf8
22. Nf3 Rg7 23. Rg1 Bc6 24. Rg2 Be8 25. Nd2 Ng6 26. Rf1 Rcc7 27. Qe1 Nf8 28.
Nxe4 dxe4 29. Bc2 cxd4 30. cxd4 Bc6 31. Bd1 Ng6 32. Rc2 Bb7 33. Rxc7 Rxc7 34. h4
f4 35. Bxf4 Nxf4 36. Rxf4 Qxd4 37. Qf2 Qxe5 38. Kh3 e3 39. Rf8+ Kg7 40. Qf6+
Qxf6 41. Rxf6 Ba6 42. Bg4 h5 43. Bxh5 e2 44. Bxe2 Bxe2 45. Rxe6 Bc4 46. Rd6 Bxa2
47. h5 Bf7 48. h6+ Kh7 49. Kg4 Bg6 50. Kf4 Re7 51. b4 Rf7+ 52. Kg4 Be4 53. Kg3
Bg6 54. Kg4 Rb7 55. Rd5 Re7 56. Rd6 Re4+ 57. Kf3 Re7 58. Kf4 Rb7 59. Rd5 a6 60.
Ke5 Rf7 61. Kd6 Rf5 62. Rxf5 Bxf5 63. Kc6 1/2-1/2

[Event "51st Canadian Open 2014"]
[Site "Montreal CAN"]
[Date "2014.07.24"]
[Round "7.15"]
[White "Rey, Fabrice"]
[Black "Pina Vega, Sulennis"]
[Result "1/2-1/2"]
[BlackTitle "WGM"]
[WhiteElo "2152"]
[BlackElo "2317"]
[WhiteFideId "606820"]
[BlackFideId "3503151"]
[EventDate "2014.07.19"]

1. d4 d5 2. c4 dxc4 3. e3 a6 4. Bxc4 Nf6 5. Nf3 e6 6. O-O c5 7. dxc5 Bxc5 8.
Qxd8+ Kxd8 9. Be2 Nc6 10. b3 Ke7 11. Bb2 Bd7 12. Nbd2 Rhc8 13. Rfd1 b5 14. a3
Bd6 15. Bxf6+ gxf6 16. Ne4 Be5 17. Nxe5 fxe5 18. Bf3 Ra7 19. Nc5 f5 20. Rac1 e4
21. Be2 Be8 22. Kf1 Ne5 23. f4 exf3 24. gxf3 a5 25. Nd3 Rxc1 26. Rxc1 Nxd3 27.
Bxd3 b4 28. a4 Kd6 29. Rc8 Bc6 30. Kf2 Ra8 31. Rxa8 Bxa8 32. Bc4 Bc6 33. Ke2 e5
34. f4 h6 35. Kd3 Bg2 36. Ke2 Bc6 37. Kd3 Bg2 38. Ke2 Bc6 1/2-1/2

[Event "51st Canadian Open 2014"]
[Site "Montreal CAN"]
[Date "2014.07.24"]
[Round "7.16"]
[White "Chiku-Ratte, Olivier-Kenta"]
[Black "Humphreys, Michael"]
[Result "0-1"]
[BlackTitle "FM"]
[WhiteElo "2190"]
[BlackElo "2129"]
[WhiteFideId "2614782"]
[BlackFideId "2607522"]
[EventDate "2014.07.19"]

1. d4 Nf6 2. c4 e6 3. Nc3 Bb4 4. e3 O-O 5. Ne2 c6 6. a3 Ba5 7. Ng3 d5 8. cxd5
cxd5 9. Bd3 Nc6 10. O-O e5 11. dxe5 Bxc3 12. bxc3 Nxe5 13. a4 Qc7 14. Qc2 Bd7
15. Ne2 Rac8 16. Bd2 Nxd3 17. Qxd3 Qc4 18. Qxc4 Rxc4 19. a5 Ne4 20. Ra2 Bb5 21.
f3 Nxd2 22. Rxd2 Ra4 23. Rb1 Bc6 24. Nf4 Rxa5 25. Rbd1 Rc5 26. Nxd5 Bxd5 27.
Rxd5 Rxc3 28. Rd7 Rb3 29. Rc7 a5 30. Rdd7 a4 31. Rxb7 Rxb7 32. Rxb7 Ra8 33. Rb2
a3 34. Ra2 f5 35. Kf2 Kf7 36. Ke2 Ke6 37. Kd3 Kd5 38. Kc3 Kc5 39. Kb3 Kb5 40.
Kc3 Ka4 41. Ra1 Rb8 42. Ra2 Rc8+ 43. Kd4 Kb3 44. Ra1 Kb2 45. Re1 Rc1 46. Re2+
Rc2 47. Re1 a2 48. g3 Rxh2 49. e4 fxe4 50. fxe4 a1=Q 51. Rxa1 Kxa1 52. Ke3 Kb2
53. e5 Kc3 54. g4 Rh1 0-1

[Event "51st Canadian Open 2014"]
[Site "Montreal CAN"]
[Date "2014.07.24"]
[Round "7.17"]
[White "Kleinplatz, Sam"]
[Black "Masse, Hugues"]
[Result "0-1"]
[WhiteTitle "FM"]
[WhiteElo "2257"]
[BlackElo "2202"]
[WhiteFideId "616680"]
[BlackFideId "2604264"]
[EventDate "2014.07.19"]

1. d4 Nf6 2. c4 g6 3. Nc3 d5 4. Nf3 Bg7 5. cxd5 Nxd5 6. e4 Nxc3 7. bxc3 c5 8.
Be2 Nc6 9. Be3 Bg4 10. d5 Bxf3 11. gxf3 Bxc3+ 12. Kf1 Bxa1 13. Qxa1 Nd4 14. Bb5+
Kf8 15. Bxd4 cxd4 16. Qxd4 f6 17. Bc4 Rc8 18. Kg2 Qb6 19. Qd3 Qb4 20. Bb3 Rc3
21. Qd2 Kg7 22. Rd1 Rhc8 23. h4 a5 24. d6 Qxd6 25. Qxd6 exd6 26. Rxd6 R8c7 27.
f4 a4 28. Bd5 Rd3 29. h5 gxh5 30. f5 Re7 31. f3 h4 32. Rd8 Kh6 33. Rf8 Kg5 34.
Rg8+ Kf4 35. Rg4+ Ke3 36. Kh3 Kxf3 37. Kxh4 Rd1 38. Rg3+ Kf4 39. Rg4+ Ke5 40.
Kh3 Rc7 0-1

[Event "51st Canadian Open 2014"]
[Site "Montreal CAN"]
[Date "2014.07.24"]
[Round "7.18"]
[White "Ramachandran, Karthik N"]
[Black "Ruiz Sanchez, Orlen"]
[Result "1/2-1/2"]
[BlackTitle "IM"]
[WhiteElo "2153"]
[BlackElo "2465"]
[WhiteFideId "2005115"]
[BlackFideId "3506231"]
[EventDate "2014.07.19"]

1. d4 d5 2. c4 e6 3. Nf3 c6 4. e3 Nf6 5. b3 c5 6. cxd5 exd5 7. dxc5 Bxc5 8. Bd3
O-O 9. O-O Bg4 10. Qc2 Nbd7 11. Bb2 Rc8 12. Rc1 Qb6 13. Qe2 Rfe8 14. Nbd2 Ne4
15. Nf1 Ndf6 16. h3 Bh5 17. g4 Nxg4 18. hxg4 Bxg4 19. Rxc5 Qxc5 20. N1h2 Bh5 21.
Bd4 Qd6 22. Qf1 Re6 23. Nh4 Qd8 24. Qg2 Bg6 25. Nf5 Rec6 26. Bxe4 Rc1+ 27. Rxc1
Rxc1+ 28. Nf1 dxe4 29. Nxg7 Qc8 30. Nh5 Rxf1+ 31. Kxf1 Qc1+ 1/2-1/2

[Event "51st Canadian Open 2014"]
[Site "Montreal CAN"]
[Date "2014.07.24"]
[Round "7.19"]
[White "Zhang, Yuanchen"]
[Black "Tomb, Maroun"]
[Result "0-1"]
[WhiteTitle "FM"]
[WhiteElo "2170"]
[BlackElo "2147"]
[WhiteFideId "2611902"]
[BlackFideId "5300398"]
[EventDate "2014.07.19"]

1. d4 Nf6 2. c4 d6 3. Nc3 e5 4. d5 Nbd7 5. e4 Nc5 6. f3 a5 7. Be3 Be7 8. Qd2 O-O
9. O-O-O Nfd7 10. Nge2 a4 11. g4 h6 12. Ng3 Bg5 13. Nf5 Bxe3 14. Nxe3 Qg5 15. h4
Qg6 16. Nf5 Re8 17. Be2 Nf8 18. Rdg1 Qh7 19. Bd1 Bd7 20. Bc2 Kh8 21. g5 h5 22.
Rh2 Ng6 23. Rf1 Rab8 24. Qd1 Ra8 25. Rff2 Reb8 26. Ne2 b5 27. cxb5 Rxb5 28. Nc3
Rb4 29. a3 Rb7 30. Ne3 Bb5 31. Nxb5 Rxb5 32. Nc4 Nf4 33. Kd2 Qg8 34. Ke1 Qc8 35.
Rd2 Qa6 36. Kf2 Rb7 37. Qf1 Rab8 38. Kg1 Nb3 39. Bxb3 Rxb3 40. Rc2 Kh7 41. Rhd2
f6 42. Kh2 fxg5 43. hxg5 Rf8 44. Qf2 Qc8 45. Qg3 Qd7 46. Na5 Rb5 47. Nc4 Rb3 48.
Na5 Rb5 49. Nc4 Rc5 50. Ne3 Qb5 51. Rxc5 Qxc5 52. Qf2 Kg6 53. Rc2 Qa7 54. Nf5
Qxf2+ 55. Rxf2 Nd3 56. Rg2 Rb8 57. Ne7+ Kf7 58. Nc6 Rxb2 59. Rxb2 Nxb2 60. Na7
Nc4 61. Nb5 Kg6 62. Nc3 Nxa3 63. Nxa4 Kxg5 64. Kg2 Nb5 65. Nb2 Kf6 66. Nc4 g5
67. Kg3 Nd4 68. Ne3 Ne2+ 69. Kf2 Nf4 70. Kg3 Nd3 71. Nd1 Nc5 72. Nf2 Nb3 73. Nd1
Nd4 74. Ne3 Ke7 75. Nd1 c5 76. dxc6 Nxc6 77. Ne3 Nd4 78. Nd5+ Ke6 79. Nc7+ Kf7
80. Na6 Ne6 81. Nb4 Nf4 82. Nc6 Kf6 83. Nb4 Ke6 84. Nc6 d5 85. exd5+ Nxd5 86.
Nd8+ Kf5 87. Nf7 h4+ 88. Kh3 Kf4 89. Kg2 Ne3+ 90. Kh3 Nf5 91. Kg2 Nd4 92. Nd8 0-1

[Event "51st Canadian Open 2014"]
[Site "Montreal CAN"]
[Date "2014.07.24"]
[Round "7.20"]
[White "Zhou, Qiyu"]
[Black "Poulin, Maurice"]
[Result "1-0"]
[WhiteTitle "WCM"]
[WhiteElo "2029"]
[BlackElo "1989"]
[WhiteFideId "505161"]
[BlackFideId "2603225"]
[EventDate "2014.07.19"]

1. e4 g6 2. d4 Bg7 3. Nc3 d6 4. f4 e6 5. Nf3 Ne7 6. Be3 a6 7. Qd2 Nd7 8. g4 h5
9. gxh5 Rxh5 10. Be2 b5 11. Ng5 Rh8 12. h4 Nb6 13. O-O-O Nc4 14. Bxc4 bxc4 15.
Qe2 Rh5 16. Qxc4 d5 17. Qb3 Kf8 18. Bf2 c6 19. e5 Kg8 20. Ne2 Nf5 21. Ng3 Nxg3
22. Qxg3 Rb8 23. Rd3 Rb5 24. Rg1 Qc7 25. Nf3 a5 26. Be1 a4 27. Ra3 Qb8 28. Bc3
Bd7 29. Rxa4 Bf8 30. Ra5 Rb7 31. Nd2 Be7 32. Rh1 Qd8 33. Nb3 Rxh4 34. Rxh4 Bxh4
35. Qg4 Be7 36. Nc5 Bxc5 37. Rxc5 Ra7 38. a3 Kg7 39. Bb4 Qh8 40. b3 Qh1+ 41. Kb2
Qh5 42. Qg3 Ra8 43. Rc3 Rh8 44. Be7 Rh7 45. Bf6+ Kf8 46. Qd3 1-0

[Event "51st Canadian Open 2014"]
[Site "Montreal CAN"]
[Date "2014.07.24"]
[Round "7.21"]
[White "Fleites Marti, Yuleikys"]
[Black "Tang, Edward"]
[Result "1-0"]
[WhiteTitle "WIM"]
[WhiteElo "2163"]
[BlackElo "2161"]
[WhiteFideId "3502759"]
[BlackFideId "2610892"]
[EventDate "2014.07.19"]

1. e4 e5 2. Bc4 Nf6 3. Nc3 Bc5 4. d3 d6 5. f4 Nc6 6. Nf3 a6 7. f5 Nd4 8. Bg5 c6
9. Nxd4 Bxd4 10. Qd2 h6 11. Bxf6 Qxf6 12. h4 h5 13. O-O-O Qh6 14. Qxh6 Rxh6 15.
Rhf1 b5 16. Bb3 a5 17. a4 b4 18. Ne2 Be3+ 19. Kb1 Ba6 20. Rf3 Bb6 21. Ng3 Bd8
22. Rh1 Bf6 23. Nf1 Ke7 24. Ne3 Bb7 25. Rfh3 Rah8 26. c3 bxc3 27. bxc3 Ba6 28.
Kc2 Rb8 29. Bc4 Bb7 30. Rb1 Rhh8 31. Rhh1 Ba8 32. g3 Rhd8 33. Ba2 Rxb1 34. Rxb1
d5 35. Rb6 Kd6 36. exd5 Kc7 37. Ra6 cxd5 38. Rxa5 d4 39. Nd5+ Bxd5 40. Bxd5 dxc3
41. Be4 Kb6 42. Rb5+ Ka6 43. Kxc3 g5 44. fxg6 fxg6 45. Rc5 Rd6 46. Kc4 Rd4+ 47.
Kb3 Rd6 48. Bxg6 Bxh4 49. gxh4 Rxg6 50. Rxe5 Rb6+ 51. Kc4 1-0

[Event "51st Canadian Open 2014"]
[Site "Montreal CAN"]
[Date "2014.07.25"]
[Round "8.3"]
[White "Tiviakov, Sergei"]
[Black "De Firmian, Nick E"]
[Result "1/2-1/2"]
[WhiteTitle "GM"]
[BlackTitle "GM"]
[WhiteElo "2656"]
[BlackElo "2509"]
[WhiteFideId "1008013"]
[BlackFideId "2000105"]
[EventDate "2014.07.19"]

1. e4 c5 2. Nf3 d6 3. Bb5+ Bd7 4. Bxd7+ Nxd7 5. O-O Ngf6 6. d3 e6 7. Nc3 Be7 8.
Ng5 h6 9. Nh3 d5 10. exd5 exd5 11. Nf4 d4 12. Ncd5 O-O 13. Qf3 Nxd5 14. Nxd5 Ne5
15. Nxe7+ Qxe7 16. Qg3 Ng6 17. f4 Qd6 18. Qf3 Ne7 19. f5 Nd5 20. Bd2 Rae8 21.
Rae1 Rxe1 22. Rxe1 b6 23. h3 Rd8 24. Kf2 Kf8 25. Qe4 Qd7 26. g3 Nf6 27. Qf4 Kg8
28. b3 Kh7 29. g4 Kg8 30. Qf3 Rc8 31. h4 Re8 32. Rxe8+ Nxe8 33. Kg3 Nf6 34. g5
hxg5 35. hxg5 Nd5 36. Qe4 Ne7 37. Kf4 Nd5+ 38. Kf3 Ne7 39. Kf4 Nd5+ 1/2-1/2